The gift of leadership: (Record no. 362744)
[ view plain ]
| 000 -LEADER | |
|---|---|
| fixed length control field | 00374nam a2200121Ia 4500 |
| 008 - FIXED-LENGTH DATA ELEMENTS--GENERAL INFORMATION | |
| fixed length control field | 191129s9999 xx 000 0 und d |
| 020 ## - INTERNATIONAL STANDARD BOOK NUMBER | |
| International Standard Book Number | 4806523176026 |
| 100 ## - MAIN ENTRY--PERSONAL NAME | |
| Personal name | Maxwell, John C. |
| 245 ## - TITLE STATEMENT | |
| Statement of responsibility, etc | John C. Maxwell |
| Title | The gift of leadership: |
| Remainder of title | book 2/ |
| 260 ## - PUBLICATION, DISTRIBUTION, ETC. (IMPRINT) | |
| Place of publication, distribution, etc | Manila: |
| Name of publisher, distributor, etc | Church Strengthening Ministry, Inc. |
| Date of publication, distribution, etc | 2009 |
| 300 ## - PHYSICAL DESCRIPTION | |
| Extent | 204 p. ; |
| Other physical details | ill. : |
| Dimensions | 16 cm. |
| 650 ## - SUBJECT ADDED ENTRY--TOPICAL TERM | |
| Topical term or geographic name as entry element | Leadership |
| Withdrawn status | Lost status | Source of classification or shelving scheme | Damaged status | Home library | Current library | Shelving location | Date acquired | Source of acquisition | Sub Shelving location | Total Checkouts | Full call number | Barcode | Date last seen | Price effective from | Koha item type |
|---|---|---|---|---|---|---|---|---|---|---|---|---|---|---|---|
| Library of Congress Classification | Luxembourg Library | Luxembourg Library | High School Section | 12/11/2019 | Library Fund | HD 37.7 .M465 2009 | 20787 | 12/11/2019 | 12/11/2019 | Books |